Políticas de juventud en América Latina: los desafíos del futuro /

Պահպանված է:
Մատենագիտական մանրամասներ
Հիմնական հեղինակ: Rodríguez, Ernesto
Համատեղ հեղինակներ: Centro de Estudios sobre la Juventud Mexicana, CREA UNESCO
Ձևաչափ: Տեքստ
Հրապարակվել է: México: CREA
Ցուցիչներ: Ավելացրեք ցուցիչ
Չկան պիտակներ, Եղեք առաջինը, ով նշում է այս գրառումը!

MARC

LEADER 00000 a a2200000 04500
001 23825
003
040
090 |a 168700  
100 |a Rodríguez, Ernesto  
110 |a Centro de Estudios sobre la Juventud Mexicana  
245 |a Políticas de juventud en América Latina: los desafíos del futuro /  |c Centro de Estudios sobre la Juventud Mexicana  
260 |a México:   |b CREA  
300 |a 29 p.  
710 |a CREA   |a UNESCO  
999 |c 2416  |d 2416